|
|
|
|
| LEADER |
00762nab#a2200325#ar4500 |
| 001 |
000037101 |
| 003 |
SVKKK |
| 005 |
00000000000000.0 |
| 008 |
c XX e sloo |
| FMT |
|
|
|
| 038 |
|
|
|a SVKKK
|
| 040 |
|
|
|a SVKKK
|b slo
|e AACR2
|
| 041 |
0 |
|
|a slo
|
| 044 |
|
|
|a XX
|c SQ
|
| 080 |
|
|
|a 284.
|2 1981
|
| 080 |
|
|
|a 72
|2 1981
|
| 245 |
0 |
0 |
|a Evanjelici a.v., žijúci.
|
| 300 |
|
|
|b Fotogr. 1
|
| 650 |
0 |
4 |
|a cirkev evanjelická
|
| 650 |
0 |
4 |
|a kostol nový, Kežmarok/PP/
|x charakteristika
|x dejiny
|
| 773 |
0 |
|
|t Evanjelický posol spod Tatier
|g Roč. 84, č. 17(1994), s. [129]
|
| 957 |
|
|
|a Kežmarok
|
| 958 |
|
|
|a NP
|
| 958 |
|
|
|a RE
|
| 958 |
|
|
|a SV
|
| 974 |
|
|
|d 940913
|a SAB
|
| 992 |
|
|
|a RBX
|
| BAS |
|
|
|
| 852 |
|
|
|a SVKKK
|b BIB
|
| 998 |
|
|
|a REG
|